000 00624nam a2200181 a 4500
001 000044351
005 20201002045318.0
008 140620s2011 bl a 000 0 spa d
020 _a9788564527003
040 _aDO-SdBNP
_bspa
_cBNPHU
082 _axxxx
_bxxxx
100 1 _aPastana, Grace Irene Imbirida,
_d1957-
_972356
245 1 0 _aEconomía solidária :
_beducão & autonomia /
_cGrace Irene Imbirida Pastana.
260 _aRio de Janeiro :
_bTecnoarte,
_c2011.
300 _a79 p. :
_bil. ;
_c21 cm.
500 _aIncluye datos biográficos de la autora en la solapas de la cubierta
504 _aBibliografía : p. 77-79
999 _c43840
_d43840